| 000 | 01149nam a22003377a 4500 | ||
|---|---|---|---|
| 001 | 0020 | ||
| 003 | DO-SdBNP | ||
| 005 | 20180223142438.0 | ||
| 007 | 0020 | ||
| 008 | 150928b2003 co ac spa d | ||
| 020 | _a9589308821 (v. 1) | ||
| 020 | _a95893083X (v. 2) | ||
| 020 | _a9589308408 (v. 3) | ||
| 040 |
_aBPMSU _bspa _cBPMSU |
||
| 082 | 4 |
_a372.21 _bT525t |
|
| 100 | _4Mesa Plazas, Álvaro. | ||
| 245 | 1 | 0 |
_aTécnicas de la motivación infantil / _cÁlvaro Mesa Plas ; ilustradora Olga Acuña Rodríguez. |
| 260 |
_aBogotá, Colombia : _bEdiciones Gamma, _c2003. |
||
| 300 |
_a3 v. : _bil. ; _c28 cm. + _e2 CD-Rom. |
||
| 505 |
_gv.1: _t0 a 2 años. -- _g v.2 : _t2 a 12 años. -- _g v.3 : _tTalleres para padres y maestros. -- _tCD-Rom interactivo. |
||
| 650 | _2EDUCACIÓN DE NIÑOS | ||
| 650 | _2DESARROLLO INFANTIL | ||
| 650 | _2EDUCACIÓN PREESCOLAR | ||
| 650 | _aMÉTODOS DE ENSEÑANZA | ||
| 650 | _2MOTIVACIÓN EN EDUCACIÓN | ||
| 700 |
_aRosario Cuélar, Olga _eil. |
||
| 910 | _aValidado. Control de calidad MFF | ||
| 942 |
_2ddc _cBK |
||
| 945 | _aInventariado, 2018/ YL | ||
| 956 |
_2VMATEO _310 _620150928 _8BPMSU _a00151 |
||
| 999 |
_c8297 _d8297 |
||